000 00678cab a2200229 4500
001 WB3146-46
008 090401t1995 xxu||||| |||| 00| 0 eng d
035 _a(Sirsi) u45889
041 _aeng
245 _aEnvironmental benefits of guaranteed set-aside
260 _c1995
350 _a0
490 _aMAFF News Release
_v(441/95) 5 December 1995, (3)
520 _aVarious categories of set-aside payments will be retained for a further year.
650 _aARABLE AREA PAYMENTS SCHEME
650 _aCOUNTRYSIDE ACCESS SCHEME
650 _aSET-ASIDE PAYMENTS
650 _aSHORT ROTATION COPPICE
690 _aRURAL PRACTICE
942 _n0
948 _c04/03/1997
999 _c29031
_d29031